Carpathian Mountain Countries - Statistics

General Stats
  • This quiz has been taken 96 times
  • The average score is 6 of 7
Answer Stats
Answer % Correct
Romania
94%
Slovakia
92%
Ukraine
92%
Hungary
90%
Poland
88%
Czech Republic
87%
Serbia
82%
No matching quizzes found
Score Distribution
Percent of People with Each Score
Percentile by Number Answered
Your Score History
You have not taken this quiz